| 000 | 01938cam a2200409 i 4500 | ||
|---|---|---|---|
| 001 | 17845984 | ||
| 003 | USPCAS-E | ||
| 005 | 20180118181418.0 | ||
| 008 | 130809s2014 enka b 001 0 eng | ||
| 010 | _a 2013031573 | ||
| 020 | _a9781119975854 (hardback) | ||
| 040 |
_aDLC _beng _cDLC _erda _dDLC |
||
| 042 | _apcc | ||
| 050 | 0 | 0 |
_aTK9152.163 _bI54 2014 |
| 082 | 0 | 0 |
_a621.48 _223 _bINF 2014 |
| 084 |
_aTEC009020 _2bisacsh |
||
| 245 | 0 | 0 |
_aInfrastructure systems for nuclear energy / _ceditors, Thomas T.C. Hsu, Chiun-lin Wu, Jui-Liang Lin. |
| 260 |
_aWest Susex: _bWiley, _cc2014 |
||
| 300 |
_axxvii, 543 pages : _billustrations (some color) ; _c26 cm |
||
| 502 | _a. | ||
| 504 | _aIncludes bibliographical references and index. | ||
| 520 | _a"Infrastructure Systems for Nuclear Energy summarizes this progress with an up-to-date reference to guide the future research and design of infrastructure systems for nuclear energy"-- | ||
| 650 | 0 |
_aNuclear power plants _xEarthquake effects. |
|
| 650 | 0 |
_aReinforced concrete construction _xDesign and construction. |
|
| 650 | 0 |
_aNuclear power plants _xDesign and construction. |
|
| 650 | 0 |
_aNuclear power plants _zAsia _vCase studies. |
|
| 650 | 0 |
_aNuclear facilities _xEarthquake effects. |
|
| 650 | 0 |
_aNuclear facilities _xDesign and construction. |
|
| 650 | 0 | _aEarthquake resistant design. | |
| 650 | 7 |
_aTECHNOLOGY & ENGINEERING / Civil / General. _2bisacsh |
|
| 700 | 1 |
_aHsu, Thomas T. C. _q(Thomas Tseng Chuang), _d1933- |
|
| 776 | 0 | 8 |
_iOnline version: _tInfrastructure systems for nuclear energy _dChichester, West Sussex : John Wiley & Sons Inc., 2013 _z9781118536261 _w(DLC) 2013033012 |
| 856 | 4 | 2 |
_3Cover image _uhttp://catalogimages.wiley.com/images/db/jimages/9781119975854.jpg |
| 906 |
_a7 _bcbc _corignew _d1 _eecip _f20 _gy-gencatlg |
||
| 942 |
_2ddc _cBK |
||
| 999 |
_c355935 _d355935 |
||